Commodity situation: A stock taking (Record no. 55896)

MARC details
000 -LEADER
fixed length control field 00306nam a2200133Ia 4500
245 #0 - TITLE STATEMENT
Title Commodity situation: A stock taking
260 ## - PUBLICATION, DISTRIBUTION, ETC. (IMPRINT)
Name of publisher Planters Chronicle
Year of publication 2004
300 ## - PHYSICAL DESCRIPTION
Number of Pages 19-38
650 ## - SUBJECT ADDED ENTRY--TOPICAL TERM
Topical Term Coffe
650 ## - SUBJECT ADDED ENTRY--TOPICAL TERM
Topical Term Rubber
650 ## - SUBJECT ADDED ENTRY--TOPICAL TERM
Topical Term Te
942 ## - ADDED ENTRY ELEMENTS (KOHA)
Koha item type Journals
Holdings
Withdrawn status Lost status Damaged status Not for loan Home library Current library Shelving location Date acquired Serial Enumeration / chronology Koha item type
      Journals RRII Library RRII Library Agricultural economics 17/12/2021 Volume 100, Issue 7&8 Journals